Parikalpana KIIT journal of management.

Detalles Bibliográficos
Formato: Electrónico Revista
Lenguaje:inglés
Publicado: Orissa, India : KIIT School of Management, KIIT University
Materias:
Acceso en línea:Full text available from Research Library: 01/01/2013 to present

MARC

LEADER 00000nas a2200000 i 4500
001 ssj0001366305
003 WaSeSS
005 20200512172242.0
006 m d
007 cr n
008 141025c20uu9999ii fr p|s|||||| |0eng d
022 |y 0974-2808 
035 |a (WaSeSS)ssj0001366305 
040 |a WaSeSS  |b eng  |c WaSeSS  |d WaSeSS 
050 4 |a HD28 
245 0 0 |a Parikalpana  |h [electronic resource] :  |b KIIT journal of management. 
260 |a Orissa, India :  |b KIIT School of Management, KIIT University 
310 |a Semiannual 
506 |a License restrictions may limit access. 
588 |a Description based on: Volume 9 (I) (2013); title from article pdf (ProQuest, viewed Oct. 25, 2014). 
588 |a Latest issue consulted: Volume 9 (II) (2013) (viewed Oct. 25, 2014). 
650 0 |a Management  |v Periodicals. 
655 0 |a Electronic journals. 
776 0 8 |i Print version:  |t Parikalpana : KIIT journal of management  |x 0974-2808 
856 4 0 |z Full text available from Research Library: 01/01/2013 to present  |u https://search.proquest.com/publication/2033475